000 00667nam a2200193 i 4500
001 109033
003 ES-MaACL
005 20230906184749.0
007 t|
008 061121s1952 sp r ||||1| spa d
100 1 _aOliver Belmás, Antonio,
_d1903-1968
_986831
245 1 0 _aMedio siglo de artistas murcianos (1900-1950) /
_cAntonio Oliver.
260 _aMurcia :
_bPatronato de Cultura de la Excma. Diputación Provincial,
_c[1952]
300 _a206 p., 8 lám. ;
_c21 cm.
650 4 _aArtistas-
_zMurcia (Comunidad Autónoma)
_9172873
710 2 _aPatronato Provincial de Cultura (Murcia)
_96196
852 _aES-MaACL
_jD-3064
999 _c109033
_d109033